000 00654nam a2200205 a 4500
001 000017523
005 20200929165136.0
008 100326s1953 dr a 000 0 spa d
040 _aDO-SdBNP
_bspa
_cBNPHU
082 _a617.645
_bS237p
100 1 _aSantos N., Gladys E. de los
_938267
245 1 0 _aPor los niños /
_cGladys E. de los Santos N.
260 _aCiudad Trujillo :
_bMontalvo,
_c1953.
300 _a30 p. ; :
_bil. ;
_c25 cm.
650 4 _aNiños
_xPreparación para el cuidado de los dientes
_938268
650 4 _aDentición
_921584
650 4 _aDientes
_xCuidado e higiene
_938269
650 4 _aPerdida de dientes
_938270
049 _aBNPD
999 _c17048
_d17048